OBTENCIÓN, EVALUACIÓN ANTIMICROBIANA Y ANTIOXIDANTE DE EXTRACTO DE ACEITE ESENCIAL DE Peumus boldus.

Gespeichert in:
Bibliographische Detailangaben
1. Verfasser: General Flores, Carlos Tomás
Körperschaft: Universidad Adventista de Chile. Facultad de Ingeniería y Negocios
Weitere Verfasser: Benavides Valenzuela, Sergio Fermín (Profesor Guía.)
Format: Abschlussarbeit Buch
Sprache:Spanisch
Veröffentlicht: Chillán, Chile. 2016.
Schlagworte:
Online-Zugang:Visualizar y Descargar desde Repositorio Biblioteca UnACh.
Tags: Tag hinzufügen
Keine Tags, Fügen Sie den ersten Tag hinzu!

MARC

LEADER 00000nam a22000007a 4500
003 CL-ChUAC
005 20260413112927.0
007 t|
008 180525s2016 cl ||||| |||| ||||||spa
040 |a CL-ChBUA  |c CL-ChBUA 
090 |a T/G Ing. Civ. Agroin.  |b G 326  |c 2016. 
100 1 |a General Flores, Carlos Tomás  
245 1 0 |a OBTENCIÓN, EVALUACIÓN ANTIMICROBIANA Y ANTIOXIDANTE DE EXTRACTO DE ACEITE ESENCIAL DE Peumus boldus.  |b    |c Carlos Tomás General Flores; Profesor Guía: Sergio Fermín Benavides Valenzuela  |h TESIS. 
260 |a Chillán, Chile.  |c 2016. 
300 |a 44 h.  |b il., tablas, figuras.  |e 1 CD-ROM. 
336 |2 rdacontent  |a text  |b txt 
337 |2 rdamedia  |a computer  |b c 
338 |2 rdacarrier  |a computer disc  |b cd 
500 |a CD-ROM contiene la Tesis en formato digital. 
502 |a Tesis para optar al título de Ingeniero Civil en Agroindustrias, y grado de Licenciado en Ciencias de Ingeniería. Universidad Adventista de Chile, Chillán, 2016. 
504 |a Bibliografía: h. 43-44 
504 |a Anexos: h. 31-42 
505 |a Resumen Los aceites esenciales son productos químicos intensamente aromáticos, volátiles por naturaleza y poco densos, generalmente destilables con agua o en corriente de vapor, y que son importantes en la industria cosmética (perfumes y aromatizantes), de alimentos (condimentos y saborizantes) y farmacéutica (saborizantes). Este proyecto fue orientado en la caracterización del aceite esencial de Peumus boldus. La extracción del aceite esencial se realizó mediante el proceso de arrastre de vapor, obteniendo un rendimiento de 1,72%. Para determinar la actividad antimicrobiana de este aceite, se probó su efecto en cepas de Staphylococcus Aureus y Escherichia Coli usando la técnica de difusión de agar. Encontrándose un mayor efecto antimicrobiano sobre la cepa de Escheriachia Coli. Por otro lado la actividad antioxidante se determinó mediante el método del radical libre de DPPH, y se encontró que el aceite de boldo posee concentraciones efectivas mayores a 30%, de 3 [μl] de aceite esencial. El análisis financiero determinó valores para el VAN (10%) de $ 2.723.525 y el TIR de 22%, determinándose como proyecto factible para implementar. 
650 4 |a ACEITE ESENCIAL  |x ANTIMICROBIANO 
650 4 |a ANTIOXIDANTE 
700 1 |a Benavides Valenzuela, Sergio Fermín   |e Profesor Guía. 
710 1 |a Universidad Adventista de Chile.  |b Facultad de Ingeniería y Negocios. 
856 |u https://bibliorepositorio.unach.cl/handle/123456789/1008  |z Visualizar y Descargar desde Repositorio Biblioteca UnACh. 
942 |2 ddc  |c LTS 
945 |0 drb (actualización) 
952 |0 0  |1 0  |2 ddc  |4 0  |6 T_G_ING__CIV__AGROIN__G_326_201600000000000_C_1_UNACH_CD  |7 0  |9 1160589  |a UNACH  |b UNACH  |c HEM  |d 2018-05-25  |i 644  |l 0  |o T/G Ing. Civ. Agroin. / G 326 2016 c.1 UNACH CD  |p 98211  |r 2018-05-25 00:00:00  |t 1  |w 2018-05-25  |y LTS 
952 |0 0  |1 0  |2 ddc  |4 0  |6 T_G_ING__CIV__AGROIN__G_326_201600000000000_C_2_UNACH_CD  |7 0  |9 1163554  |a UNACH  |b UNACH  |c HEM  |d 2019-04-11  |i 762  |l 0  |o T/G Ing. Civ. Agroin. / G 326 2016 c.2 UNACH CD.  |p 100965  |r 2019-04-11 00:00:00  |t 2  |w 2019-04-11  |y LTS 
999 |c 2282146  |d 2282146